Statistiques concernant Focus sur: Bandobras Touque - Tolkien

Cliquez ici pour prendre le quiz!

Statistiques générales

  • Ce quiz a été pris 5 fois
  • Le résultat moyen est 6 sur 12

Statistiques - réponses

Informations recherchéesRéponses% Correct
ContréeComté
100%
Profession et titreGuerrier
100%
EspèceHobbit
100%
Première mentionLe Seigneur des Anneaux: La Communauté de l'Anneau
100%
Age durant lequel il vécutTroisième
100%
VilleBourg-de-Touque
60%
Autre traduction du nomTouc
40%
Création (légende)Golf
20%
Autre traduction du surnomTaureau Mugissant
20%
FrèreFerumbras II
0%
SurnomFiertaureau
0%
PèreIsumbras III
0%

Distribution des résultats

Percentile par nombre de réponses

% des personnes avec chaque résultat

Votre développement - résultats

Vous n’avez pas pris ce quiz